Steam Reviews - Statistiken

Allgemein
  • Dieses Quiz wurde 644 mal gespielt
  • Das Durchschnittsergebnis liegt bei 5 aus 18
Antwortstatistiken
Review Antwort Game Genre % Korrekt
TRIANGLE BOOBIES Tomb Raider Action Adventure
63%
Poored a bottle of ether on a girl's pair of panties to knock out a perverted CIA agent. 10/10 Hitman: Blood Money Stealth
61%
Killing Nazis with a variety of weapons has never been so much fun! Wolfenstein Ego-Shooter
58%
Gandhi approached me with gifts then nuked me. 11/10 Civilization V Turn Based Strategy
46%
had 12 children with 8 diffrent people, became president then died cooking pancakes. 10/10 The Sims 3 Simulator
43%
Episode 1: typical teen school drama. Episode 2: uhmmm.. what? Episode 3: What. The. Hell. Episode 4: WHAAAAAT? Episode 5: I'm Sorry.. Life is Strange 3D-Adventure
34%
You were working for the Italian Mafia, then 10 minutes later you're killing them with katanas. 11/10. Grand Theft Auto III Action
31%
Dead parents simulator. Batman: Arkham Asylum Action
28%
This game is basically Nascar. You go around in circles until you have to fix stuff... and hope an angry hillybilly doesn't kill you. Dead by Daylight Survival Horror
26%
best incest simulator of the decade 10/10 would lannister more Crusader Kings II Grand Strategy
23%
The story follows four pill addicts hallucinating the zombie apocalypse as they stumble around shooting people. Left 4 Dead Survival Horror
16%
Best Microsoft Excel Space Simulator out there. EVE Online MMORPG
11%
I love it when friends touch my balls Golf With Your Friends Sport-Simulator
10%
It's like minecraft in space. Expect there are alomost no bricks. And no mines. And no stupid community. And great developers. So it's everything but minecraft in space. Space Engineers Simulator
7%
I let my target notice me. He tried to follow me. A crocodile ate him. I am an assassin. Assassin's Creed IV: Black Flag Action/Stealth
5%
This is the best elevator sim on the market. If you like elevators, this is a must play. Mass Effect RPG
5%
Bought this, installed it, and it lived up to its name by magicly disapearing from my hardrive. Call of Duty: Ghosts First Person Shooter
2%
A charming game that places an indefatigable and likable android protagonist in an overall melancholy and wistful setting of crumbling edifices, broken machines, and seedy robots. Machinarium 2D-Point-and-Click-Adventure
2%
Keine übereinstimmenden Quizze gefunden
Verteilung der Resultate
Anzahl Personen mit jedem Resultat
Perzentil nach korrekt beantworteten Fragen
Ihre Resultats-Entwicklung
Sie haben dieses Quiz noch nicht gespielt